| Tag |
First Indicator |
Second Indicator |
Subfields |
| LEADER |
00000pam a2200000 a 4500 |
| 001 |
in00000412062 |
| 005 |
20151012051326.0 |
| 008 |
831207s1985 nyua j 00000 eng |
| 010 |
|
|
|a 83046172
|
| 020 |
|
|
|a 0690043880 :
|c $9.95
|
| 020 |
|
|
|a 0690043899 (lib. bdg.) :
|c $9.89
|
| 035 |
|
|
|a (OCoLC)10483646
|
| 035 |
|
|
|9 ABT4957AM
|
| 039 |
0 |
|
|a 2
|b 3
|c 3
|d 3
|e 3
|
| 040 |
|
|
|a DLC
|c DLC
|d TXA
|d UtOrBLW
|
| 049 |
|
|
|a [Curr Col] TXAM
|c [A09336560]
|
| 050 |
0 |
0 |
|a GT3340
|b .L38 1985
|
| 082 |
0 |
|
|a 930.1/028/5
|2 19
|
| 100 |
1 |
|
|a Lauber, Patricia.
|
| 245 |
1 |
0 |
|a Tales mummies tell /
|c Patricia Lauber ; illustrated with photographs.
|
| 250 |
|
|
|a 1st ed.
|
| 264 |
|
1 |
|a New York :
|b Crowell,
|c [1985]
|
| 264 |
|
4 |
|c ©1985
|
| 300 |
|
|
|a 118 pages :
|b illustrations ;
|c 24 cm.
|
| 336 |
|
|
|a text
|b txt
|2 rdacontent
|
| 337 |
|
|
|a unmediated
|b n
|2 rdamedia
|
| 338 |
|
|
|a volume
|b nc
|2 rdacarrier
|
| 520 |
|
|
|a Explains how the study of mummies, both natural and man-made, including a frozen baby mammoth found in Siberia and the human mummies of Egypt, Peru, and Denmark, can reveal information about ancient civilizations and prehistoric life.
|
| 650 |
|
0 |
|a Mummies
|v Juvenile literature.
|
| 650 |
|
1 |
|a Mummies.
|
| 650 |
|
1 |
|a Civilization
|x History.
|
| 999 |
|
|
|a MARS
|
| 999 |
f |
f |
|s b86418f1-78b4-38fc-9df9-e62b27e24690
|i c833cdfb-cdcd-37c3-b0f5-13d6c493a7ad
|t 0
|
| 952 |
f |
f |
|p ric
|a Texas A&M University
|b Rellis Campus
|c Joint Library Facility
|d Remote Storage
|t 0
|e GT3340 .L38 1985
|h Library of Congress classification
|i unmediated -- volume
|m A14809336560
|
| 998 |
f |
f |
|a GT3340 .L38 1985
|t 0
|l Remote Storage
|